00813 a2200241 4500003000500000005001700005010001600022020002800038040000900066082001800075100002000093245009000113260003600203300003500239440003500274650003000309650002700339650002900366650003500395942001200430999001900442952011000461Nust20170207154012.0 a 98033848 a0890064814 (alk. paper) cNust00a621.381/323631 aCamargo, Edmar.10aDesign of FET frequency multipliers and harmonic oscillators-(E-BOOK)cEdmar Camargo. aBoston :bArtech House,cc1998. axiii, 215 p. :bill. ;c24 cm. 0aArtech House microwave library 0aField-effect transistors. 0aFrequency multipliers. 0aMillimeter wave devices. 0aTelecommunication engineering. 2ddccBK c191265d191265 00102ddc40708NFICaMCSbMCSd2016-12-12l0o621.38132363 CAMpMCSEB-712r2016-12-08w2016-12-12yBK